[Event "Minsk Bronstein 100 Memorial op"]
[Site "Minsk"]
[Date "2024.02.18"]
[Round "9"]
[White "Maljush, Andrej"]
[Black "Vitsiuk, Anton"]
[Result "1/2-1/2"]
[WhiteElo "2240"]
[BlackElo "1525"]
[PlyCount "198"]
[EventDate "2024.02.17"]
[EventType "swiss"]
[EventRounds "10"]
[EventCountry "BLR"]
[SourceTitle "CB08_2024"]
[SourceDate "2024.02.21"]
[SourceVersion "1"]
[SourceVersionDate "2024.02.21"]
[SourceQuality "1"]

1. e4 c5 2. Nc3 e6 3. g3 Nc6 4. Bg2 Nf6 5. d3 d5 6. Bd2 d4 7. Nce2 e5 8. f4 Bd6 9. Nf3 Qb6 10. b3 Bd7 11. 0-0 0-0-0 12. h3 h6 13. a3 Kb8 14. b4 c4 15. fxe5 Nxe5 16. Nxe5 Bxe5 17. Bf4 Bxf4 18. Nxf4 cxd3 19. cxd3 Bc6 20. Qb3 Rhf8 21. a4 Bd7 22. e5 Ng8 23. b5 Ne7 24. Rfb1 Qa5 25. Qa3 Nf5 26. g4 Ne3 27. Rc1 Nxg2 28. Nxg2 Be6 29. Ra2 Bxa2 30. Qxa2 Rc8 31. Rf1 Qc7 32. Qd5 Rcd8 33. Qe4 Rfe8 34. Re1 g5 35. Qf5 Re6 36. Re4 Rde8 37. Rxd4 Rxe5 38. Qd7 Qxd7 39. Rxd7 R5e7 40. Rd4 Kc7 41. Kf2 Re2+ 42. Kf3 Ra2 43. Ne3 Re6 44. Nd5+ Kb8 45. Nc3 Rh2 46. Kg3 Rh1 47. Ne4 Kc7 48. a5 Ra1 49. Rc4+ Kb8 50. Nc5 Re7 51. a6 Ra2 52. Kf3 b6 53. Ne4 Rd7 54. d4 Ra3+ 55. Ke2 Re7 56. d5 Rd7 57. d6 Rb3 58. Rc6 Rxb5 59. Kd3 Ra5 60. Kc4 Ra4+ 61. Kd5 Rxa6 62. Ke5 Ra5+ 63. Kf6 Kb7 64. Rc1 Ra4 65. Re1 Rxe4 66. Rxe4 Rxd6+ 67. Kxf7 Rd3 68. h4 Rf3+ 69. Kg6 gxh4 70. Kxh6 h3 71. Re2 Rg3 72. Kg5 Rg2 73. Re1 h2 74. Rh1 a5 75. Kf4 Kc6 76. Kf3 Rd2 77. g5 Kd6 78. Re1 Rd5 79. Kg4 Re5 80. Rh1 Re2 81. Kf3 Re5 82. Kg4 Ke6 83. Rxh2 Kf7 84. Rh7+ Kg8 85. Rb7 b5 86. Kh5 b4 87. Kh6 Re1 88. Rb8+ Kf7 89. g6+ Kf6 90. Rb6+ Ke7 91. g7 Rh1+ 92. Kg6 Rg1+ 93. Kh7 Kf7 94. Rb7+ Kf6 95. Rb6+ Kf5 96. g8Q Rxg8 97. Kxg8 Ke4 98. Rb5 Kd4 99. Rxa5 b3 1/2-1/2

[Event "Novorossiysk Small Land Blitz op"]
[Site "Novorossiysk"]
[Date "2023.07.29"]
[Round "13"]
[White "Avanesian, Artem"]
[Black "Maljush, Andrej"]
[Result "0-1"]
[WhiteElo "1600"]
[BlackElo "2240"]
[PlyCount "132"]
[EventDate "2023.07.29"]
[EventType "swiss (blitz)"]
[EventRounds "13"]
[EventCountry "RUS"]
[SourceTitle "CBM 215 Extra"]
[Source "ChessBase"]
[SourceDate "2023.09.30"]
[SourceVersion "1"]
[SourceVersionDate "2023.09.30"]
[SourceQuality "1"]

1. e4 e5 2. Nf3 Nf6 3. Nc3 Bb4 4. Nxe5 Qe7 5. Nd3 Bxc3 6. dxc3 Nxe4 7. Be2 d5 8. 0-0 Be6 9. Re1 Nc6 10. Be3 0-0-0 11. Bf3 f5 12. Nb4 Nxb4 13. cxb4 Qxb4 14. c3 Qa5 15. Bd4 Rhg8 16. b4 Qa3 17. Qd3 Kb8 18. Be5 Rd7 19. Qd4 g5 20. Re2 g4 21. Bxe4 dxe4 22. Qc5 Rgd8 23. Rae1 Qa4 24. Bf6 Re8 25. Qe3 b6 26. Bd4 Kb7 27. Qf4 Qb5 28. Rd2 Qc4 29. a4 Red8 30. a5 c5 31. bxc5 bxc5 32. Rb2+ Ka6 33. Bf6 Rd1 34. Rb1 Qe2 35. Qe3 Qxe1+ 36. Qxe1 Rxe1+ 37. Rxe1 Rd3 38. g3 Kxa5 39. Ra1+ Kb6 40. Rb1+ Kc6 41. Ra1 Bd5 42. Kf1 Bc4 43. Ke1 a6 44. Rb1 Bb5 45. Ra1 Rd7 46. Be5 Ra7 47. Ra5 Kb6 48. Ra3 a5 49. Kd2 Rd7+ 50. Ke3 Rd1 51. Kf4 Bd7 52. Bf6 a4 53. Ke5 Kb5 54. Be7 Rd2 55. Ra1 Rxf2 56. Kd6 Rd2+ 57. Kc7 Be6 58. Bd6 Rxh2 59. Rb1+ Bb3 60. c4+ Kxc4 61. Kb6 a3 62. Ra1 a2 63. Ka5 Rb2 64. Rc1+ Bc2 65. Be5 Kb3 66. Bxb2 Kxb2 0-1

[Event "Novorossiysk Small Land Rapid op"]
[Site "Novorossiysk"]
[Date "2022.07.19"]
[Round "4"]
[White "Maljush, Andrej"]
[Black "Triapishko, Alexandr"]
[Result "1/2-1/2"]
[WhiteElo "2283"]
[BlackElo "2506"]
[PlyCount "65"]
[EventDate "2022.07.18"]
[EventType "swiss (rapid)"]
[EventRounds "11"]
[EventCountry "RUS"]
[SourceTitle "EXT 2023"]
[Source "ChessBase"]
[SourceDate "2022.10.05"]
[SourceVersion "1"]
[SourceVersionDate "2022.10.05"]
[SourceQuality "1"]

1. e4 c6 2. d4 d5 3. e5 Bf5 4. Nf3 e6 5. c3 Nd7 6. Bd3 Ne7 7. Bg5 Bxd3 8. Qxd3 Qb6 9. b3 c5 10. 0-0 h6 11. Bf4 Nc6 12. Re1 Rc8 13. Nbd2 cxd4 14. Nxd4 Be7 15. N2f3 Nc5 16. Qe3 Ne4 17. Nxc6 bxc6 18. Qxb6 axb6 19. Rac1 0-0 20. Nd2 Nc5 21. Re3 b5 22. Rc2 Ra8 23. Nf3 Ra6 24. h4 Rfa8 25. Rce2 h5 26. g3 Nd7 27. Kg2 c5 28. Kh3 Nb8 29. Bg5 Bf8 30. g4 hxg4+ 31. Kxg4 Nc6 32. h5 c4 33. b4 1/2-1/2

[Event "Novorossiysk Small Land Blitz"]
[Site "Novorossiysk"]
[Date "2022.07.17"]
[Round "9"]
[White "Maljush, Andrej"]
[Black "Gabitov, Ruslan"]
[Result "1-0"]
[WhiteElo "2283"]
[BlackElo "2150"]
[PlyCount "78"]
[EventDate "2022.07.17"]
[EventType "swiss (blitz)"]
[EventRounds "13"]
[EventCountry "RUS"]
[SourceTitle "CBM 209 Extra"]
[Source "ChessBase"]
[SourceDate "2022.09.30"]
[SourceVersion "1"]
[SourceVersionDate "2022.09.30"]
[SourceQuality "1"]

1. e4 e5 2. Nf3 Qe7 3. Nc3 c6 4. a4 d6 5. d4 g6 6. dxe5 dxe5 7. Bc4 Bg7 8. 0-0 Nf6 9. Bg5 h6 10. Bh4 0-0 11. Qe2 Nbd7 12. Rfd1 Nc5 13. h3 Ne6 14. Bxe6 Qxe6 15. Qe3 Nh5 16. Rd2 Qc4 17. b3 Qb4 18. Rad1 Nf4 19. Ne2 Nxe2+ 20. Qxe2 Be6 21. Rd6 Rfe8 22. Qe3 Kh7 23. Bg3 Bf8 24. R6d2 f6 25. Bh4 g5 26. Bg3 Qb6 27. Qe2 Rad8 28. h4 g4 29. Nh2 h5 30. Nf1 Rxd2 31. Rxd2 Rd8 32. Qd1 Rxd2 33. Qxd2 Be7 34. Kh2 Qd8 35. Qe3 Qd4 36. Qe2 Bc5 37. Qe1 Qb4 38. Qe2 Qd4 39. Kg1 Qd8 1-0

[Event "Novorossiysk Small Land Blitz"]
[Site "Novorossiysk"]
[Date "2022.07.17"]
[Round "4"]
[White "Maljush, Andrej"]
[Black "Gabrielian, Artur"]
[Result "1/2-1/2"]
[WhiteElo "2283"]
[BlackElo "2461"]
[PlyCount "129"]
[EventDate "2022.07.17"]
[EventType "swiss (blitz)"]
[EventRounds "13"]
[EventCountry "RUS"]
[SourceTitle "CBM 209 Extra"]
[Source "ChessBase"]
[SourceDate "2022.09.30"]
[SourceVersion "1"]
[SourceVersionDate "2022.09.30"]
[SourceQuality "1"]

1. e4 c5 2. Nc3 d6 3. g3 Nc6 4. Bg2 g6 5. f4 Bg7 6. d3 Nf6 7. Nf3 0-0 8. 0-0 Rb8 9. a4 a6 10. h3 b5 11. axb5 axb5 12. g4 b4 13. Ne2 Nd7 14. f5 Nde5 15. Nxe5 Nxe5 16. Be3 Bb7 17. Qd2 Ra8 18. Bh6 Qd7 19. Bxg7 Kxg7 20. Rxa8 Bxa8 21. Qf4 Bc6 22. f6+ exf6 23. Qxf6+ Kg8 24. g5 Qe6 25. b3 Qxf6 26. Rxf6 Rd8 27. d4 cxd4 28. Nxd4 Be8 29. Kf2 Kg7 30. Kg3 Bc6 31. h4 h6 32. Rf1 hxg5 33. hxg5 Bb7 34. Rf6 Bc6 35. Rf1 Bd7 36. Ra1 Rc8 37. Ra6 Nc6 38. Nb5 Nb8 39. Rb6 Bxb5 40. Rxb5 Nc6 41. Rb6 Kf8 42. Bf1 Rc7 43. Bd3 Ke7 44. Kf4 Nd4 45. Rxb4 Nxc2 46. Bxc2 Rxc2 47. Rb7+ Ke6 48. b4 Rf2+ 49. Ke3 Rg2 50. Kf4 Rf2+ 51. Ke3 Rf1 52. b5 Rb1 53. b6 f6 54. gxf6 Kxf6 55. Rb8 Rb4 56. b7 Kg7 57. Kd3 g5 58. Ke3 Rb3+ 59. Kf2 g4 60. Kg2 Kh7 61. Kf2 Rf3+ 62. Kg2 Rb3 63. Kf2 Kg7 64. Kg2 Kh7 65. Rd8 1/2-1/2

[Event "Malaya Zemlya Blitz op"]
[Site "Novorossiysk"]
[Date "2021.07.09"]
[Round "9"]
[White "Maljush, Andrej"]
[Black "Demidov, Mikhail"]
[Result "0-1"]
[WhiteElo "2290"]
[BlackElo "2530"]
[PlyCount "63"]
[EventDate "2021.07.09"]
[EventType "swiss (blitz)"]
[EventRounds "13"]
[EventCountry "RUS"]
[SourceTitle "CBM 203 Extra"]
[Source "ChessBase"]
[SourceDate "2021.09.30"]
[SourceVersion "1"]
[SourceVersionDate "2021.09.30"]
[SourceQuality "1"]

1. e4 Nf6 2. e5 Nd5 3. c4 Nb6 4. b3 d6 5. exd6 cxd6 6. Bb2 Nc6 7. Nf3 e5 8. d4 e4 9. Nfd2 d5 10. cxd5 Nxd5 11. Nxe4 Bb4+ 12. Nbd2 Qe7 13. Qe2 0-0 14. 0-0-0 Re8 15. Qf3 Ba3 16. Bc4 Be6 17. Nb1 Bxb2+ 18. Kxb2 Rad8 19. Rhe1 Qb4 20. Nec3 Nb6 21. Bxe6 fxe6 22. d5 Rf8 23. Qe2 exd5 24. f3 d4 25. Ne4 h6 26. Ka1 a5 27. Qd2 Qb5 28. Na3 Qh5 29. h3 a4 30. b4 Qd5 31. Rc1 d3 32. Kb1 0-1

[Event "Malaya Zemlya Blitz op"]
[Site "Novorossiysk"]
[Date "2021.07.09"]
[Round "11"]
[White "Maljush, Andrej"]
[Black "Nazaretyan, Tigran"]
[Result "1/2-1/2"]
[WhiteElo "2290"]
[BlackElo "2316"]
[PlyCount "79"]
[EventDate "2021.07.09"]
[EventType "swiss (blitz)"]
[EventRounds "13"]
[EventCountry "RUS"]
[SourceTitle "CBM 203 Extra"]
[Source "ChessBase"]
[SourceDate "2021.09.30"]
[SourceVersion "1"]
[SourceVersionDate "2021.09.30"]
[SourceQuality "1"]

1. e4 c5 2. Nc3 Nc6 3. g3 g6 4. Bg2 Bg7 5. f4 d6 6. d3 e6 7. Nf3 Nge7 8. 0-0 Rb8 9. a4 a6 10. g4 f5 11. gxf5 exf5 12. Ne2 0-0 13. Ng3 b5 14. axb5 axb5 15. c3 b4 16. c4 Bb7 17. Ng5 Nd4 18. Be3 h6 19. Nh3 Kh7 20. Kh1 Ra8 21. Rb1 Ra2 22. Bxd4 Bxd4 23. Qe2 Qa8 24. Ng1 Rf7 25. Nf3 Bg7 26. Nh4 Bf6 27. Nf3 Bc6 28. exf5 Nxf5 29. Nxf5 gxf5 30. Qe6 Qg8 31. Qxd6 Bxf3 32. Bxf3 Bd4 33. Bd5 Qg7 34. Bxf7 Qxf7 35. Qd5 Qf6 36. Qg2 b3 37. Qb7+ Kh8 38. Qxb3 Ra7 39. Qb8+ Kg7 40. Qxa7+ 1/2-1/2

[Event "Minsk Amateur op"]
[Site "Minsk"]
[Date "2018.06.30"]
[Round "8"]
[White "Irgaliyev, Alikhan"]
[Black "Maljush, Andrej"]
[Result "1-0"]
[WhiteElo "2158"]
[BlackElo "2304"]
[PlyCount "89"]
[EventDate "2018.06.25"]
[EventType "swiss"]
[EventRounds "9"]
[EventCountry "BLR"]
[SourceTitle "CBM 185 Extra"]
[Source "ChessBase"]
[SourceDate "2018.07.29"]
[SourceVersion "1"]
[SourceVersionDate "2018.07.29"]
[SourceQuality "1"]

1. d4 g6 2. Nf3 Bg7 3. Bg5 h6 4. Bf4 Nf6 5. e3 d6 6. h3 0-0 7. Nbd2 Nbd7 8. Be2 c6 9. 0-0 Re8 10. Bh2 Nf8 11. c4 Bf5 12. Re1 Qc7 13. Bf1 Rad8 14. Qa4 Qb8 15. e4 Bc8 16. e5 N6d7 17. exd6 exd6 18. Ne4 b5 19. cxb5 Nb6 20. Qa3 cxb5 21. Nxd6 Rxe1 22. Rxe1 Qa8 23. Nxf7 Rd5 24. N7e5 Nbd7 25. Qe7 Qb7 26. Qf7+ Kh7 27. Ng4 Rf5 28. Qb3 Nf6 29. Nxf6+ Rxf6 30. Be5 Rb6 31. Bd3 Be6 32. Qc2 Rc6 33. Qe2 Bc4 34. h4 Kg8 35. b3 Bxd3 36. Qxd3 a6 37. d5 Rc8 38. Bxg7 Qxg7 39. d6 Rc3 40. Qd5+ Qf7 41. Qxf7+ Kxf7 42. Ne5+ Kf6 43. d7 Ne6 44. Ng4+ Ke7 45. Rxe6+ 1-0

[Event "Minsk rapid op2"]
[Site "Minsk"]
[Date "2018.06.27"]
[Round "6"]
[White "Maljush, Andrej"]
[Black "Siniauski, Artsiom"]
[Result "0-1"]
[WhiteElo "2316"]
[BlackElo "1828"]
[PlyCount "92"]
[EventDate "2018.06.27"]
[EventType "swiss (rapid)"]
[EventRounds "9"]
[EventCountry "BLR"]
[SourceTitle "EXT 2021"]
[Source "ChessBase"]
[SourceDate "2020.10.23"]
[SourceVersion "1"]
[SourceVersionDate "2020.10.23"]
[SourceQuality "1"]

1. e4 e6 2. d4 d5 3. Nd2 Nf6 4. e5 Nfd7 5. f4 c5 6. c3 Nc6 7. Ndf3 Rb8 8. Ne2 b5 9. g3 Qb6 10. Bg2 a5 11. 0-0 Ba6 12. Be3 b4 13. Rc1 Be7 14. f5 Qb5 15. Nf4 Nd8 16. Rf2 a4 17. Nh5 g6 18. Ng7+ Kf8 19. f6 Nxf6 20. Nxe6+ Nxe6 21. exf6 Bxf6 22. Ne5 Bxe5 23. dxe5 Kg7 24. Qf3 f5 25. exf6+ Kf7 26. Qxd5 Rhd8 27. Qe5 c4 28. Qxb5 Rxb5 29. Bh3 a3 30. bxa3 bxa3 31. Bxe6+ Kxe6 32. f7 Rf8 33. Re1 Re5 34. Ree2 Rxf7 35. Bf4 Rxe2 36. Rxe2+ Kd5 37. Re5+ Kc6 38. Ra5 Bb5 39. Rxa3 Rd7 40. Ra8 Rd1+ 41. Kf2 Rd3 42. Be5 Rd2+ 43. Ke3 Rxh2 44. a4 Kd5 45. Bf4 Bc6 46. a5 Bxa8 0-1

[Event "Minsk rapid op1"]
[Site "Minsk"]
[Date "2018.06.25"]
[Round "1"]
[White "Chervonenkis, Boris"]
[Black "Maljush, Andrej"]
[Result "0-1"]
[WhiteElo "1990"]
[BlackElo "2316"]
[PlyCount "43"]
[EventDate "2018.06.25"]
[EventType "swiss (rapid)"]
[EventRounds "9"]
[EventCountry "BLR"]
[SourceTitle "EXT 2021"]
[Source "ChessBase"]
[SourceDate "2020.10.23"]
[SourceVersion "1"]
[SourceVersionDate "2020.10.23"]
[SourceQuality "1"]

1. e4 g6 2. d4 Bg7 3. f4 d6 4. Nf3 Nf6 5. Bd3 0-0 6. 0-0 Nbd7 7. a3 c5 8. c3 Qb6 9. b4 cxd4 10. cxd4 e5 11. Bb2 Ng4 12. Qe2 exd4 13. Nbd2 Ne3 14. Rfc1 a5 15. Nc4 Nxc4 16. Rxc4 axb4 17. Rxb4 Qc7 18. Bxd4 Bxd4+ 19. Rxd4 Qc3 20. Rd1 Rxa3 21. Bc4 Nc5 22. Bd5 0-1

[Event "EU-ch 18th"]
[Site "Minsk"]
[Date "2017.06.10"]
[Round "11"]
[White "Harutyunian, Tigran K"]
[Black "Maljush, Andrej"]
[Result "0-1"]
[WhiteElo "2523"]
[BlackElo "2286"]
[PlyCount "112"]
[EventDate "2017.05.30"]
[EventType "swiss"]
[EventRounds "11"]
[EventCountry "BLR"]
[SourceTitle "CBM 179"]
[Source "ChessBase"]
[SourceDate "2017.07.12"]
[SourceVersion "1"]
[SourceVersionDate "2017.07.12"]
[SourceQuality "1"]

1. Nf3 Nf6 2. c4 c6 3. g3 g6 4. Bg2 Bg7 5. Qa4 0-0 6. 0-0 d5 7. d3 Nbd7 8. cxd5 Nxd5 9. Nbd2 N7b6 10. Qc2 h6 11. a3 Bd7 12. Ne4 Qc8 13. Nc5 Bg4 14. Bd2 Nd7 15. Nb3 N7f6 16. Na5 Bh3 17. Bxh3 Qxh3 18. Nxb7 Rab8 19. Na5 Ng4 20. Rab1 Nc7 21. Nc4 Ne6 22. Bc3 Rb5 23. Bxg7 Rh5 24. Ne3 Nxh2 25. Nh4 Nxf1 26. Rxf1 Kxg7 27. Qxc6 Nd4 28. Qc3 e5 29. Re1 g5 30. Nef5+ Nxf5 31. Qxe5+ Kg8 32. Qxf5 Rxh4 33. Qxh3 Rxh3 34. Rc1 g4 35. Rc5 Kg7 36. Kg2 Kg6 37. Rc4 Rh5 38. Rxg4+ Rg5 39. Rc4 a5 40. b4 axb4 41. axb4 Rb8 42. f4 Rgb5 43. Rc6+ Kg7 44. Kf3 Rxb4 45. Rd6 R8b6 46. Rd7 Rb1 47. e4 Rb7 48. Rd5 Rf1+ 49. Kg4 Rb6 50. f5 Rb2 51. Rd8 Rbf2 52. d4 Re2 53. Re8 Rg2 54. e5 h5+ 55. Kh3 Rd2 56. Kh4 Rxf5 0-1

[Event "EU-ch 18th"]
[Site "Minsk"]
[Date "2017.06.07"]
[Round "8"]
[White "Steinberg, Nitzan"]
[Black "Maljush, Andrej"]
[Result "1-0"]
[WhiteElo "2532"]
[BlackElo "2286"]
[PlyCount "83"]
[EventDate "2017.05.30"]
[EventType "swiss"]
[EventRounds "11"]
[EventCountry "BLR"]
[SourceTitle "CBM 179"]
[Source "ChessBase"]
[SourceDate "2017.07.12"]
[SourceVersion "1"]
[SourceVersionDate "2017.07.12"]
[SourceQuality "1"]

1. e4 d6 2. d4 Nf6 3. Nc3 e5 4. Nf3 Nbd7 5. Bc4 Be7 6. a4 0-0 7. 0-0 c6 8. h3 exd4 9. Qxd4 Qb6 10. Be3 Qxd4 11. Bxd4 b6 12. Rfe1 Bb7 13. Rad1 Rad8 14. Ba2 Ne8 15. Be3 Ne5 16. Nxe5 dxe5 17. Rxd8 Bxd8 18. Rd1 Nf6 19. Bg5 a5 20. Bc4 h6 21. Bxf6 gxf6 22. Rd7 Bc8 23. Rd6 Bb7 24. Kh2 Kg7 25. f3 h5 26. g3 c5 27. g4 hxg4 28. hxg4 Bc8 29. Kg2 Re8 30. Bb5 Rh8 31. Nd5 Be6 32. c4 f5 33. gxf5 Bxd5 34. cxd5 Bg5 35. Rxb6 Bf4 36. Bc4 Rh2+ 37. Kg1 Rd2 38. Kf1 Bg3 39. d6 Kf6 40. d7+ Ke7 41. Bb5 Bh4 42. Rb8 1-0

[Event "EU-ch 18th"]
[Site "Minsk"]
[Date "2017.05.30"]
[Round "1"]
[White "Maljush, Andrej"]
[Black "Pantsulaia, Levan"]
[Result "0-1"]
[WhiteElo "2286"]
[BlackElo "2594"]
[PlyCount "82"]
[EventDate "2017.05.30"]
[EventType "swiss"]
[EventRounds "11"]
[EventCountry "BLR"]
[SourceTitle "CBM 179"]
[Source "ChessBase"]
[SourceDate "2017.07.12"]
[SourceVersion "1"]
[SourceVersionDate "2017.07.12"]
[SourceQuality "1"]

1. e4 c5 2. c3 d5 3. exd5 Qxd5 4. d4 Nf6 5. Nf3 Bg4 6. Be2 e6 7. 0-0 Nc6 8. Na3 cxd4 9. Nb5 Rc8 10. Nbxd4 Nxd4 11. Nxd4 Bxe2 12. Qxe2 Be7 13. Be3 0-0 14. Rfd1 a6 15. Nf3 Qh5 16. Bd4 Nd5 17. Be5 Rfd8 18. Rd2 f6 19. Bg3 e5 20. Rad1 Nb6 21. h3 Rxd2 22. Qxd2 Qf7 23. b3 Bc5 24. Qd3 Re8 25. Nd2 f5 26. b4 e4 27. Qc2 Bf8 28. Qb3 g5 29. Bc7 Nd5 30. Nxe4 Rxe4 31. Rxd5 Re1+ 32. Kh2 Qxc7+ 33. g3 Qf7 34. Rxf5 Qxb3 35. Rxg5+ Bg7 36. axb3 Rb1 37. b5 a5 38. Rc5 Rxb3 39. Rc8+ Bf8 40. c4 a4 41. Ra8 a3 0-1

[Event "EU-ch blitz"]
[Site "Minsk"]
[Date "2015.12.18"]
[Round "7.22"]
[White "Maljush, Andrej"]
[Black "Bortnyk, Mykola"]
[Result "0-1"]
[WhiteElo "2285"]
[BlackElo "2416"]
[PlyCount "65"]
[EventDate "2015.12.18"]
[EventType "swiss (blitz)"]
[EventRounds "22"]
[EventCountry "BLR"]
[SourceTitle "EXT 2017"]
[Source "ChessBase"]
[SourceDate "2016.10.25"]
[SourceVersion "1"]
[SourceVersionDate "2016.10.25"]
[SourceQuality "1"]

1. e4 Nf6 2. Nc3 d5 3. exd5 Nxd5 4. Nf3 Nc6 5. d4 Bg4 6. Be2 e6 7. 0-0 Be7 8. Ne4 Nf6 9. Ng3 h5 10. h4 Bxf3 11. Bxf3 Ng4 12. Nxh5 Rxh5 13. Bxg4 Rxh4 14. c3 Qd6 15. g3 Rh7 16. Bf4 Qd5 17. Bf3 Qf5 18. Qa4 Qh3 19. Bxc6+ Kf8 20. Rfe1 bxc6 21. Qxc6 Rd8 22. Qg2 Qg4 23. Re4 Rd5 24. Bxc7 Qg6 25. Re5 Rh5 26. Rxh5 Qxh5 27. Re1 Kg8 28. Re5 Qd1+ 29. Qf1 Qc2 30. Rxd5 exd5 31. Qb5 Qb1+ 32. Kg2 Qe4+ 33. Kg1 0-1

[Event "EU-ch blitz"]
[Site "Minsk"]
[Date "2015.12.18"]
[Round "6.44"]
[White "Maljush, Andrej"]
[Black "Mirzoev, Emil"]
[Result "1/2-1/2"]
[WhiteElo "2285"]
[BlackElo "2424"]
[PlyCount "115"]
[EventDate "2015.12.18"]
[EventType "swiss (blitz)"]
[EventRounds "22"]
[EventCountry "BLR"]
[SourceTitle "EXT 2017"]
[Source "ChessBase"]
[SourceDate "2016.10.25"]
[SourceVersion "1"]
[SourceVersionDate "2016.10.25"]
[SourceQuality "1"]

1. e4 c5 2. Nc3 e6 3. g3 Nc6 4. Bg2 Nf6 5. f4 d5 6. e5 Nd7 7. Nf3 Be7 8. 0-0 0-0 9. Ne2 b5 10. c3 a5 11. d3 b4 12. Be3 Ba6 13. g4 Nb6 14. Ng3 d4 15. cxd4 cxd4 16. Bf2 Nd5 17. Nxd4 Nxd4 18. Bxd4 Rc8 19. f5 Bg5 20. Qf3 Rc2 21. Ne4 Nf4 22. Bf2 Nxg2 23. Qxg2 Bxd3 24. Rfe1 Bf4 25. Rad1 Bxe4 26. Qxe4 Rd2 27. Rxd2 Qxd2 28. Re2 Qc1+ 29. Kg2 Bg5 30. b3 Rd8 31. h4 Be7 32. g5 exf5 33. Qxf5 Qc6+ 34. Qf3 Qe6 35. Qe4 g6 36. Rc2 Bf8 37. Rc6 Qd5 38. Qxd5 Rxd5 39. e6 fxe6 40. Rxe6 Rd2 41. Kf3 Rxa2 42. Re8 Kf7 43. Ra8 Ra3 44. Ke4 Rxb3 45. Ra7+ Ke6 46. Rxa5 Rc3 47. Ra6+ Bd6 48. Be3 Rc4+ 49. Bd4 b3 50. Kd3 Rc8 51. Rb6 Rd8 52. Kc4 Rf8 53. Bc5 Rd8 54. Kxb3 Kd5 55. Bxd6 Rxd6 56. Rb7 Ke5 57. Rxh7 Kf5 58. h5 1/2-1/2

[Event "EU-ch blitz"]
[Site "Minsk"]
[Date "2015.12.18"]
[Round "5.44"]
[White "Mirzoev, Emil"]
[Black "Maljush, Andrej"]
[Result "0-1"]
[WhiteElo "2424"]
[BlackElo "2285"]
[PlyCount "152"]
[EventDate "2015.12.18"]
[EventType "swiss (blitz)"]
[EventRounds "22"]
[EventCountry "BLR"]
[SourceTitle "EXT 2017"]
[Source "ChessBase"]
[SourceDate "2016.10.25"]
[SourceVersion "1"]
[SourceVersionDate "2016.10.25"]
[SourceQuality "1"]

1. e4 g6 2. d4 Bg7 3. c4 Nc6 4. Ne2 e5 5. d5 Nd4 6. Be3 c5 7. dxc6 dxc6 8. Nbc3 Ne7 9. Qd2 0-0 10. Rd1 c5 11. Nd5 Nxd5 12. cxd5 f5 13. Bxd4 cxd4 14. Ng3 Qh4 15. Bd3 f4 16. Nf1 f3 17. g3 Qh3 18. Rg1 Bd7 19. Qb4 b6 20. Nd2 Qxh2 21. Rf1 Bh3 22. d6 Rad8 23. Rc1 Bh6 24. Rc7 Be3 25. Rc2 Bxd2+ 26. Qxd2 Bxf1 27. Bxf1 Rxd6 28. Qb4 Rdf6 29. Qe7 R8f7 30. Qxe5 Kg7 31. Qxd4 Qh5 32. Rd2 Re7 33. Rd3 Qe5 34. Qxe5 Rxe5 35. Re3 g5 36. Bh3 h5 37. Bf5 g4 38. Kd2 Kh6 39. Rd3 Kg7 40. Rd7+ Rf7 41. Rd6 Rc7 42. Rg6+ Kf8 43. Rg5 Rec5 44. Rxh5 Rc2+ 45. Ke3 Re2+ 46. Kf4 Rxf2 47. Bxg4 Rf7+ 48. Ke5 Rxb2 49. Ke6 f2 50. Bh3 f1Q 51. Bxf1 Rxf1 52. Rh7 Rxa2 53. e5 b5 54. Rb7 a6 55. g4 Rg1 56. Rf7+ Kg8 57. Rf4 Ra4 58. Rf3 Rgxg4 59. Kd6 Rgd4+ 60. Ke6 Rac4 61. Rg3+ Kf8 62. Rf3+ Ke8 63. Rg3 Rc6+ 64. Kf5 b4 65. Rg7 a5 66. Ra7 b3 67. e6 Rd1 68. Ra8+ Ke7 69. Ra7+ Kd8 70. Ra8+ Kc7 71. e7 Rf1+ 72. Kg4 Re1 73. Ra7+ Kb6 74. Ra8 Kc5 75. Rxa5+ Kb4 76. Re5 Rxe5 0-1

[Event "Rewal op-A 16th"]
[Site "Rewal"]
[Date "2011.08.24"]
[Round "5"]
[White "Dowgird, Filip"]
[Black "Maljush, Andrej"]
[Result "1/2-1/2"]
[WhiteElo "2110"]
[BlackElo "2316"]
[PlyCount "115"]
[EventDate "2011.08.19"]
[EventType "swiss"]
[EventRounds "9"]
[EventCountry "POL"]
[SourceTitle "CBM 144 Extra"]
[Source "ChessBase"]
[SourceDate "2011.10.28"]
[SourceVersion "1"]
[SourceVersionDate "2011.10.28"]
[SourceQuality "1"]

1. e4 e6 2. d3 d5 3. Nd2 Nf6 4. Ngf3 b6 5. c3 c5 6. Qa4+ Bd7 7. Qc2 Nc6 8. g3 Qc7 9. Bg2 h6 10. h4 Bd6 11. a3 0-0-0 12. b4 dxe4 13. dxe4 cxb4 14. cxb4 Ne5 15. Qxc7+ Bxc7 16. Nxe5 Bxe5 17. Ra2 Bb5 18. f4 Bd4 19. Nb3 Bc3+ 20. Bd2 Bxd2+ 21. Nxd2 Rd4 22. e5 Ne8 23. Kf2 f6 24. Rc1+ Kd8 25. Nf3 Rd7 26. Bh3 Ke7 27. Rac2 Bd3 28. Rd2 Bb5 29. Ke3 Rxd2 30. Kxd2 Bd7 31. Ke3 Rf8 32. Nd4 h5 33. Nc6+ Bxc6 34. Rxc6 f5 35. Rc8 a5 36. Rc6 axb4 37. axb4 Kd7 38. Rxb6 Nc7 39. Bg2 Rc8 40. Rb7 Kd8 41. Kd4 Ne8 42. b5 Rc2 43. Bf3 Nc7 44. b6 Nb5+ 45. Ke3 Rc3+ 46. Kf2 Rc2+ 47. Kg1 Nd4 48. Bxh5 Rb2 49. Rb8+ Kd7 50. Kf1 Kc6 51. b7 Kc7 52. Rg8 Kxb7 53. Rxg7+ Kc6 54. Ra7 Kd5 55. Ra3 Ke4 56. Kg1 Nb3 57. Bd1 Nd4 58. Bh5 1/2-1/2

[Event "Nabokov Memorial-B 8th"]
[Site "Kiev"]
[Date "2010.06.14"]
[Round "10"]
[White "Maljush, Andrej"]
[Black "Nikolaev, Leonid"]
[Result "1/2-1/2"]
[WhiteElo "2342"]
[BlackElo "2334"]
[PlyCount "21"]
[EventDate "2010.06.05"]
[EventType "tourn"]
[EventRounds "11"]
[EventCountry "UKR"]
[EventCategory "4"]
[SourceTitle "CBM 136 Extra"]
[Source "ChessBase"]
[SourceDate "2010.07.02"]
[SourceVersion "2"]
[SourceVersionDate "2010.07.15"]
[SourceQuality "1"]

1. e4 e5 2. Nf3 Nc6 3. Nc3 Nf6 4. Bb5 Bb4 5. d3 d6 6. Bg5 Bxc3+ 7. bxc3 0-0 8. 0-0 h6 9. Bxf6 Qxf6 10. Bxc6 bxc6 11. h3 1/2-1/2